000 00498nam a2200181Ia 4500
008 090124s9999 xx 000 0 und d
082 _b30843
100 _aभागवत शशी
245 _a मर्मभेद
250 _a0
260 _bज्ञानदा प्रकाशन
_c1992
300 _a485
600 _aभागवत शशी
630 _a मर्मभेद
700 _aभागवत शशी
730 _a मर्मभेद
942 _cBOOK
999 _c96557
_d96557